countries of the German empire - Statistics

General Stats
  • This quiz has been taken 15 times
  • The average score is 7 of 14
Answers on the Grid
Answers color-coded by a green-red scale on the quiz's grid according to % correct below.
Tanzania
Morocco
iran
togo
finland
Cameroon
Solomon islands
spain
luxembourg
Papua New Guinea
japan
rwanda
Palau
niger
Micronesia
Marshall Islands
syria
China
oman
burundi
philippians
cuba
Namibia
ireland
Samoa
uruguay
 
Answer Stats
Answer % Correct
Solomon islands
73%
Tanzania
73%
togo
73%
Cameroon
64%
Namibia
64%
Papua New Guinea
64%
Marshall Islands
55%
luxembourg
45%
burundi
36%
China
36%
Micronesia
36%
Palau
36%
rwanda
36%
Samoa
36%
No matching quizzes found
Score Distribution
Percent of People with Each Score
Percentile by Number Answered
Your Score History
You have not taken this quiz